1194 1121 1143 1407 1638 1162 1355 1444 1393 1333 1127 1447 1171 1541 1978 1355 1202 1695 1875 1820 1116 1345 1417 1167 1769 1812 1560 1008 1928 1978 1133 1076 1808 1682 1874 1194 1483 1463 1329 1709 1130 1995 1781 1422 1552 1613 1731 1021 1461 1220 1204 1325 1956 1587 1418 1382 1817 1239 1378 1305 1060 1615 1608 1330 1339 1403 1966 1231 1516 1204 1115 1482 1963 1530 1382 1271 1754 1234 1523 1430 1114 1406 1560 1000 1457 1009 1792 1504 1211 1094 1869 1036 1252 1984 1834 1637 1245 1027 1682 BCNSPRNW ULIB Ver.6.0+V

เปลี่ยนเป็นภาษาไทย

Change to English
 แสดงรายละเอียดบรรณานุกรม
  กลับหน้าหลัก

Brief Record : Get Marc (ISO 2709) : E-mail record : QR code < ปิดหน้าต่าง
LEADER : 00000nam 2200000uu 4500
001    13399128344
003     ULIB
008    230620s2563||||th 000 0 tha d
020  ^ ู^a9789740339793
060 4^ ^aWY156^bส866ก
100  ^ ^aสุรีพร ธนศิลป์
245 0^ ^aการดูแลผู้ป่วยมะเร็งระยะสุดท้ายแบบองค์รวม /^cสุรีพร ธนศิลป์
250  ^ ^aพิมพ์ครั้งที่ 1
260  ^ ^aกรุงเทพฯ :^bสำนักพิมพ์จุฬาลงกรณ์มหาวิทยาลัย,^c2563
300  ^ ^avi, 234 หน้า :^bภาพประกอบ ;^c21 ซม.
504  ^ ^aมีบรรณานุกรมและดัชนี
650 4^ ^aมะเร็ง^xผู้ป่วย^xการดูแล
650 4^ ^aมะเร็ง^xผู้ป่วย
650 4^ ^aผู้ป่วยระยะสุดท้าย^xการดูแล
650 4^ ^aผู้ป่วย, การดูแล
945    ^p190^l0^i009686
945    ^p190^l0^i009687
945    ^p190^l0^i009688
945    ^p190^l0^i009689
945    ^p190^l0^i009690
945    ^p190^l0^i009691
945    ^p190^l0^i009692
945    ^p190^l0^i010315
945    ^p190^l0^i010703
945    ^p190^l0^i010704
945    ^p190^l0^i010705
945    ^p190^l0^i010706
945    ^p190^l0^i010707
945    ^p190^l0^i010708
945    ^p190^l0^i010709
999    ^aประนอม เกษจรัล
รายการนี้ยังไม่มีแท็ก
คุณยังไม่ได้ล็อกอิน คุณสามารถมีกิจกรรมร่วมกับเว็บไซต์ได้ แต่ต้องล็อกอินก่อน ::
  ล็อกอิน

รายการสื่อสารสนเทศ

ลำดับที่ ประเภท เลขเรียก/บาร์โค้ด สถานที่ สถานะ
1. Book การพยาบาล
หนังสือสำรอง
สถานะ=หนังสือสำรอง
WY156 ส866ก ฉ.1 
  Barcode: 009686
ห้องสมุดวิทยาเขตสวรรค์ประชารักษ์
►หนังสือทั่วไป
บนชั้น
2. Book การพยาบาล
Book การพยาบาล
WY156 ส866ก ฉ.10 
  Barcode: 010704
ห้องสมุดวิทยาเขตสวรรค์ประชารักษ์
►หนังสือทั่วไป
บนชั้น
3. Book การพยาบาล
Book การพยาบาล
WY156 ส866ก ฉ.11 
  Barcode: 010705
ห้องสมุดวิทยาเขตสวรรค์ประชารักษ์
►หนังสือทั่วไป
บนชั้น
4. Book การพยาบาล
Book การพยาบาล
WY156 ส866ก ฉ.12 
  Barcode: 010706
ห้องสมุดวิทยาเขตสวรรค์ประชารักษ์
►หนังสือทั่วไป
บนชั้น
5. Book การพยาบาล
Book การพยาบาล
WY156 ส866ก ฉ.13 
  Barcode: 010707
ห้องสมุดวิทยาเขตสวรรค์ประชารักษ์
►หนังสือทั่วไป
บนชั้น
6. Book การพยาบาล
Book การพยาบาล
WY156 ส866ก ฉ.14 
  Barcode: 010708
ห้องสมุดวิทยาเขตสวรรค์ประชารักษ์
►หนังสือทั่วไป
บนชั้น
7. Book การพยาบาล
Book การพยาบาล
WY156 ส866ก ฉ.15 
  Barcode: 010709
ห้องสมุดวิทยาเขตสวรรค์ประชารักษ์
►หนังสือทั่วไป
บนชั้น
8. Book การพยาบาล
Book การพยาบาล
WY156 ส866ก ฉ.2 
  Barcode: 009687
ห้องสมุดวิทยาเขตสวรรค์ประชารักษ์
►หนังสือทั่วไป
บนชั้น
9. Book การพยาบาล
Book การพยาบาล
WY156 ส866ก ฉ.3 
  Barcode: 009688
ห้องสมุดวิทยาเขตสวรรค์ประชารักษ์
►หนังสือทั่วไป
บนชั้น
10. Book การพยาบาล
Book การพยาบาล
WY156 ส866ก ฉ.4 
  Barcode: 009689
ห้องสมุดวิทยาเขตสวรรค์ประชารักษ์
►หนังสือทั่วไป
บนชั้น
11. Book การพยาบาล
Book การพยาบาล
WY156 ส866ก ฉ.5 
  Barcode: 009690
ห้องสมุดวิทยาเขตสวรรค์ประชารักษ์
►หนังสือทั่วไป
บนชั้น
12. Book การพยาบาล
Book การพยาบาล
WY156 ส866ก ฉ.6 
  Barcode: 009691
ห้องสมุดวิทยาเขตสวรรค์ประชารักษ์
►หนังสือทั่วไป
บนชั้น
13. Book การพยาบาล
Book การพยาบาล
WY156 ส866ก ฉ.7 
  Barcode: 009692
ห้องสมุดวิทยาเขตสวรรค์ประชารักษ์
►หนังสือทั่วไป
บนชั้น
14. Book การพยาบาล
Book การพยาบาล
WY156 ส866ก ฉ.8 
  Barcode: 010315
ห้องสมุดวิทยาเขตสวรรค์ประชารักษ์
►หนังสือทั่วไป
บนชั้น
15. Book การพยาบาล
Book การพยาบาล
WY156 ส866ก ฉ.9 
  Barcode: 010703
ห้องสมุดวิทยาเขตสวรรค์ประชารักษ์
►หนังสือทั่วไป
บนชั้น

รายการใกล้เคียง
    ผู้แต่ง [สุรีพร ธนศิลป์]

    หัวเรื่อง [มะเร็ง ผู้ป่วย การดูแล]
    หัวเรื่อง [มะเร็ง ผู้ป่วย]
    หัวเรื่อง [ผู้ป่วย, การดูแล]

BibComment


ยังไม่เคยถูกคอมเมนท์

คอมเมนท์ทรัพยากรรายการนี้
  คอมเมนท์: การดูแลผู้ป่วยมะ..


 Copyright 2026. Bcnsprnw @Library